000 01711cam a22003011i 4500
003 SA-RiAUC
005 20251013084427.0
008 251010s1998 ||| g 000 0 ara c
040 _aSA-MaUQU
_bara
_cSA-RiAUC
_erda
082 0 4 _a254
090 _a254
_bا ب ن ع
100 1 _aابن عظوم، محمد بن أحمد بن عيسى،
_dتوفي بعد 889 هجري
_eمؤلف.
245 1 0 _aرسالة التمليك، أو، إرشاد الراغب في العلم بالتحقيق في مساواة الشرط الطوع في التمليك بالتعليق /
_cأبو عبد الله محمد بن أبي العباس أحمد بن عيس بن أحمد بن عبد العظيم بن أبي بكر بن عياش بن فندار المرادي القيرواني بن عظوم ؛ تحقيق محمد الطاهر الرزقي.
246 3 3 _aإرشاد الراغب في العلم بالتحقيق في مساواة الشرط في التمليك بالتعليق
250 _aالطبعة الأولى.
264 1 _a[مكان النشر غير محدد] :
_b[الناشر غير محدد]،
_c1998
300 _a176 صفحة ؛
_c24 سم
336 _aنص
_btxt
_2rdacontent
_3كتاب
337 _aبدون وسيط
_bn
_2rdamedia
338 _aمجلد
_bnc
_2rdacarrier
500 _aعرف الكتاب أيضا بالتحريم المجهول للنساء.
650 7 _aالزواج (فقه إسلامي)
_2aucsh
650 7 _aالطلاق (فقه إسلامي)
_2aucsh
650 7 _aالأحوال الشخصية للمسلمين
_2aucsh
700 1 _aالرزقي، محمد الطاهر،
_d1933-
_eمحقق.
942 _2ddc
_cBOOK
_n0
949 _aSA-JeALM
_d251010
_umohamedma123
_n1
999 _c12517
_d12517